English; ភាសាអង់គ្លេស (ឆមាសទី២) (Record no. 10255)
[ view plain ]
| 000 -LEADER | |
|---|---|
| fixed length control field | 00308nam a22001217a 4500 |
| 040 ## - CATALOGING SOURCE | |
| Transcribing agency | SK |
| 082 ## - DEWEY DECIMAL CLASSIFICATION NUMBER | |
| Classification number | 349 |
| 100 ## - MAIN ENTRY--AUTHOR NAME | |
| Personal name | សិរី ម៉ារឌី |
| 245 ## - TITLE STATEMENT | |
| Title | English; ភាសាអង់គ្លេស (ឆមាសទី២) |
| 260 ## - PUBLICATION, DISTRIBUTION, ETC. (IMPRINT) | |
| Place of publication | RUA |
| Name of publisher | សិរី |
| Year of publication | 2008 |
| 300 ## - PHYSICAL DESCRIPTION | |
| Number of Pages | 45p. |
| 942 ## - ADDED ENTRY ELEMENTS (KOHA) | |
| Koha item type | សៀវភៅភាសាខ្មែរ |
| 952 ## - LOCATION AND ITEM INFORMATION (KOHA) | |
| Withdrawn status [LOCAL, KOHA] | 0 |
| 952 ## - LOCATION AND ITEM INFORMATION (KOHA) | |
| Withdrawn status [LOCAL, KOHA] | 0 |
| Permanent Location | Date acquired | Koha item type | Lost status | Shelving location | Barcode | Current Location | Full call number |
|---|---|---|---|---|---|---|---|
| Library Block C | 2016-09-23 | សៀវភៅភាសាខ្មែរ | C020 | A02280 | Library Block C | 349 សិរី 2008 C020 Or. | |
| Library Block C | 2016-09-23 | សៀវភៅភាសាខ្មែរ | C020 | A01302 | Library Block C | 349 សិរី 2008 C020 Or. |